[Event "III Festival Marche Estate Magistrale"]
[Site "Falconara Marittima ITA"]
[Date "2005.07.24"]
[Round "9"]
[White "Stromboli, Ettore"]
[Black "Gardon, Ermanno"]
[Result "1-0"]
[WhiteElo "2192"]
[BlackElo "2178"]
[PlyCount "163"]
[EventDate "2005.07.18"]

1.e4 c5 2.Nf3 e6 3.d4 cxd4 4.Nxd4 Nf6 5.Nc3 Nc6 6.Be3 Bb4 7.Bd3 d5 8.Nxc6 
bxc6 9.Bd2 Qb6 10.O-O Be7 11.e5 Nd7 12.Qg4 g6 13.Na4 Qc7 14.f4 Nb6 15.Nc3 
c5 16.Nd1 Bb7 17.c3 a5 18.Bb5+ Bc6 19.Qe2 Qd7 20.Bxc6 Qxc6 21.Nf2 h5 22.
Nh3 Rb8 23.b3 c4 24.Qf3 Qb5 25.Rab1 Kf8 26.Qg3 Qc6 27.Ng5 Rd8 28.Nf3 Kg7 
29.Nd4 Bc5 30.Kh1 Bxd4 31.cxd4 Qd7 32.Bxa5 Rb8 33.Bxb6 Rxb6 34.bxc4 Rxb1 
35.Rxb1 dxc4 36.Qc3 Qa4 37.Qb2 Rc8 38.h3 c3 39.Qb3 Qxd4 40.Rc1 Qd2 41.Rc2 
Qd1+ 42.Kh2 Qd4 43.Kh1 h4 44.Qb1 Qxf4 45.Qe1 Qd4 46.a4 Rc5 47.Rc1 Qxe5 48.
Qxe5+ Rxe5 49.Rxc3 Re1+ 50.Kh2 Ra1 51.Rc4 g5 52.Rc5 Kf6 53.a5 e5 54.Rc6+ 
Kf5 55.a6 f6 56.g4+ Kg6 57.Kg2 Ra3 58.Rb6 Rg3+ 59.Kh2 Ra3 60.Kg2 Kf7 61.
Rb7+ Ke6 62.a7 Kd5 63.Kf2 Ke4 64.Rb4+ Kd3 65.Rb3+ Rxb3 66.a8=Q Rb2+ 67.Kf3
Rh2 68.Qd5+ Kc3 69.Qc5+ Kd3 70.Qb5+ Kd4 71.Qb4+ Kd3 72.Qb3+ Kd4 73.Qd1+ 
Kc3 74.Qe1+ Kd3 75.Qe3+ Kc4 76.Ke4 Rh1 77.Qd3+ Kc5 78.Kf5 e4 79.Kxe4 Re1+ 
80.Kf5 Re5+ 81.Kxf6 Rd5 82.Qxd5+ 1-0

[Event "III Festival Marche Estate Magistrale"]
[Site "Falconara Marittima ITA"]
[Date "2005.07.24"]
[Round "9"]
[White "Tencati, Giuseppe"]
[Black "Giacometti, Carlo"]
[Result "1-0"]
[WhiteElo "2109"]
[BlackElo "2089"]
[PlyCount "77"]
[EventDate "2005.07.18"]

1.d4 d5 2.c4 Bf5 3.Nc3 e6 4.Bf4 c6 5.Qb3 Qb6 6.c5 Qxb3 7.axb3 Nd7 8.b4 a6 
9.Nf3 Ngf6 10.b5 Be7 11.e3 O-O 12.bxc6 bxc6 13.Kd2 a5 14.h3 Ne4+ 15.Nxe4 
dxe4 16.Ne5 Nxe5 17.Bxe5 Rfd8 18.Kc3 Rd7 19.Bc4 Bd8 20.Ra4 h5 21.Rha1 f6 
22.Bd6 g5 23.Kc2 Rg7 24.b4 g4 25.h4 Kh7 26.bxa5 e5 27.dxe5 fxe5 28.g3 Bc7 
29.Bxc7 Rxc7 30.Rb1 Raa7 31.Rb6 Kg7 32.Kc3 Kf8 33.Rb8+ Rc8 34.Rxc8+ Bxc8 
35.Ra2 Ke7 36.Kb4 Rb7+ 37.Ka4 Rb1 38.a6 Rc1 39.Kb4 1-0

[Event "III Festival Marche Estate Magistrale"]
[Site "Falconara Marittima ITA"]
[Date "2005.07.24"]
[Round "9"]
[White "Tomba, Ivan"]
[Black "Okhotnik, Vladimir"]
[Result "0-1"]
[WhiteElo "2232"]
[BlackElo "2404"]
[PlyCount "94"]
[EventDate "2005.07.18"]

1.e4 e5 2.Nf3 Nc6 3.d4 exd4 4.Nxd4 Nxd4 5.Qxd4 Qf6 6.Qe3 Bb4+ 7.Nd2 d6 8.
Be2 Bc5 9.Qf3 Qxf3 10.Bxf3 Ne7 11.O-O Be6 12.Re1 O-O-O 13.Nb3 Bb6 14.Be3 
Bxe3 15.Rxe3 c5 16.a4 Nc6 17.Nd2 Rhe8 18.Rae1 Kc7 19.Bd1 f6 20.f4 Re7 21.
Kf2 Rde8 22.c3 a6 23.Be2 Bd7 24.Bc4 Na5 25.b3 Nxc4 26.Nxc4 b5 27.axb5 axb5
28.Nd2 Bc6 29.g4 h6 30.f5 Ra8 31.h4 Ra2 32.R1e2 Re8 33.Kf3 Rb2 34.c4 Ra8 
35.Nf1 Rb1 36.Re1 Rxe1 37.Rxe1 Ra3 38.Re3 Be8 39.cxb5 Ra2 40.Rc3 Bxb5 41.
Ne3 Bc6 42.b4 Ra4 43.bxc5 Bxe4+ 44.Kg3 d5 45.Ng2 Bxg2 46.Kxg2 Rxg4+ 47.Kh3
h5 0-1

[Event "III Weekend"]
[Site "Cutro ITA"]
[Date "2005.06.18"]
[Round "1"]
[White "Alo', Lucio"]
[Black "Iannicella, Simone"]
[Result "1-0"]
[WhiteElo "1601"]
[BlackElo "1458"]
[PlyCount "63"]
[EventDate "2005.06.18"]

1. Nf3 d5 2. e3 Bg4 3. Be2 Bxf3 4. Bxf3 e5 5. O-O Nf6 6. Nc3 Nc6 7. d3 Bd6 8.
Nb5 O-O 9. Re1 a6 10. Nxd6 Qxd6 11. Bd2 d4 12. e4 Nb4 13. a3 Nc6 14. b4 b5 15.
Bg4 Nxg4 16. Qxg4 a5 17. f4 axb4 18. axb4 Rxa1 19. Rxa1 Nxb4 20. fxe5 Qxe5 21.
Bxb4 Re8 22. Bd2 h5 23. Qd7 g6 24. Bf4 Qe6 25. Qxe6 Rxe6 26. Bxc7 Re7 27. Bb6
Rd7 28. Rb1 Rb7 29. Bxd4 b4 30. Ra1 Rc7 31. Ra8+ Rc8 32. Rxc8+ 1-0

[Event "III Weekend"]
[Site "Cutro ITA"]
[Date "2005.06.18"]
[Round "1"]
[White "Amodei, Diego"]
[Black "Carabetta, Alfredo"]
[Result "1/2-1/2"]
[WhiteElo "1634"]
[BlackElo "1497"]
[PlyCount "42"]
[EventDate "2005.06.18"]

1. d4 f5 2. Nc3 Nf6 3. Bg5 e6 4. e4 d6 5. e5 dxe5 6. dxe5 Qxd1+ 7. Rxd1 h6 8.
Bxf6 gxf6 9. exf6 Nd7 10. Nb5 Bb4+ 11. c3 Ba5 12. f7+ Kxf7 13. Bc4 Ne5 14. Bb3
Bd7 15. Nd4 Kf6 16. Ndf3 Bc6 17. Ne2 Nxf3+ 18. gxf3 Bxf3 19. Rg1 Rhg8 20. Rxg8
Rxg8 21. Rd3 Bxe2 1/2-1/2

[Event "III Weekend"]
[Site "Cutro ITA"]
[Date "2005.06.18"]
[Round "1"]
[White "La Torre, Dino"]
[Black "Zavaglia, Giuseppe"]
[Result "0-1"]
[WhiteElo "1580"]
[BlackElo "1730"]
[PlyCount "86"]
[EventDate "2005.06.18"]

1. d4 Nf6 2. c4 e6 3. Nc3 Bb4 4. Qc2 O-O 5. Nf3 b6 6. e4 Bb7 7. Bg5 Bxe4 8.
Bxf6 Bxc2 9. Bxd8 Rxd8 10. Be2 c5 11. O-O Bxc3 12. bxc3 Nc6 13. d5 Na5 14. Rac1
Be4 15. Rfd1 Rab8 16. Ne1 Kf8 17. Nc2 Bxc2 18. Rxc2 e5 19. h3 d6 20. Rb1 f5 21.
g4 g6 22. gxf5 gxf5 23. Bd3 e4 24. Bf1 Rb7 25. Kh2 Re8 26. Re1 f4 27. h4 Rbe7
28. Bh3 Re5 29. Be6 Nxc4 30. Rce2 e3 31. fxe3 Rxe3 32. Rxe3 Nxe3 33. Rg1 Ke7
34. Rg7+ Kf6 35. Rxh7 Re7 36. Rxe7 Kxe7 37. Kh3 Kf6 38. a3 b5 39. Bg8 a5 40.
Kh2 Kg7 41. Be6 b4 42. axb4 axb4 43. cxb4 cxb4 0-1

[Event "III Weekend"]
[Site "Cutro ITA"]
[Date "2005.06.18"]
[Round "1"]
[White "Levato, Biagio"]
[Black "Olivo, Paolo"]
[Result "0-1"]
[WhiteElo "1531"]
[BlackElo "1700"]
[PlyCount "92"]
[EventDate "2005.06.18"]

1. Nf3 Nf6 2. g3 d5 3. Bg2 Nc6 4. O-O e5 5. d3 Bc5 6. Nbd2 O-O 7. c3 Re8 8. b4
Bb6 9. a4 a5 10. b5 Na7 11. e4 c6 12. exd5 Qxd5 13. Nc4 Qd8 14. Nxb6 Qxb6 15.
c4 Bg4 16. Qc2 cxb5 17. Rb1 b4 18. Be3 Qc7 19. Nd2 Rad8 20. Bxa7 b6 21. h3 Bf5
22. Bxb6 Qxb6 23. Ne4 Rd4 24. Rfe1 Red8 25. c5 Qe6 26. Nxf6+ Qxf6 27. Re3 Bxd3
28. Rxd3 Rxd3 29. Rf1 Rc3 30. Qe4 Rxc5 31. Re1 g6 32. f4 exf4 33. Rf1 Qb6 34.
Kh1 fxg3 35. Qh4 b3 36. Be4 b2 37. Qxg3 Rc1 38. Qf4 Rxf1+ 39. Qxf1 Rc8 40. Kg2
Rc1 41. Qe2 b1=Q 42. Bxb1 Rxb1 43. Qe8+ Kg7 44. Qe5+ Qf6 45. Qxa5 Qf1+ 46. Kg3
Rb3+ 0-1

[Event "III Weekend"]
[Site "Cutro ITA"]
[Date "2005.06.18"]
[Round "1"]
[White "Olivo, Ilaria"]
[Black "Olivo, Gaetano"]
[Result "0-1"]
[WhiteElo "1467"]
[BlackElo "1610"]
[PlyCount "36"]
[EventDate "2005.06.18"]

1. e4 e6 2. d4 d5 3. Nc3 Bb4 4. Bd2 c5 5. Nf3 Bxc3 6. Bxc3 dxe4 7. Ne5 Nf6 8.
Qd2 O-O 9. O-O-O a6 10. h4 b5 11. a3 Qd5 12. g4 e3 13. Qxe3 Qxh1 14. Qg3 Qd5
15. Bg2 Ne4 16. Qf4 Bb7 17. dxc5 Nxc3 18. Bxd5 Ne2+ 0-1

[Event "III Weekend"]
[Site "Cutro ITA"]
[Date "2005.06.18"]
[Round "1"]
[White "Rizzuti, Pasquale"]
[Black "Scalise, Sandro"]
[Result "1/2-1/2"]
[WhiteElo "1871"]
[BlackElo "1595"]
[PlyCount "107"]
[EventDate "2005.06.18"]

1. Nf3 e6 2. b3 Nf6 3. Bb2 d6 4. c4 Be7 5. d4 c5 6. Nc3 O-O 7. e4 cxd4 8. Nxd4
Nc6 9. Be2 a6 10. O-O Qc7 11. Nc2 Rd8 12. Ne3 Bd7 13. Rc1 Rac8 14. Rc2 Qb6 15.
Rd2 Be8 16. Na4 Qc7 17. Qb1 Ne5 18. Nc3 Bc6 19. Rfd1 Ned7 20. Ba3 Nc5 21. f3
Nh5 22. g3 b6 23. Qc2 Bg5 24. f4 Nxf4 25. gxf4 Bxf4 26. Kf2 Bxh2 27. b4 d5 28.
Bf3 Qg3+ 29. Ke2 d4 30. bxc5 Bg1 31. Ng4 f5 32. Rxg1 Qxg1 33. Rd1 d3+ 34. Rxd3
fxg4 35. cxb6 gxf3+ 36. Rxf3 Qg2+ 37. Rf2 Qg4+ 38. Ke3 Qg3+ 39. Rf3 Qg5+ 40.
Ke2 Qg2+ 41. Rf2 Qg4+ 42. Kf1 Qh3+ 43. Kg1 Qg3+ 44. Kf1 Qh3+ 45. Ke1 Qh1+ 46.
Rf1 Qh4+ 47. Qf2 Qxf2+ 48. Rxf2 Rd3 49. Bb2 Rf8 50. Rxf8+ Kxf8 51. Ke2 Rh3 52.
Kd2 Bb7 53. Kc2 Bc6 54. c5 1/2-1/2

[Event "III Weekend"]
[Site "Cutro ITA"]
[Date "2005.06.19"]
[Round "2"]
[White "Carabetta, Alfredo"]
[Black "La Torre, Dino"]
[Result "1-0"]
[WhiteElo "1497"]
[BlackElo "1580"]
[PlyCount "95"]
[EventDate "2005.06.18"]

1. d4 Nf6 2. c4 g6 3. Nf3 Bg7 4. Bg5 d6 5. Nc3 O-O 6. e4 c5 7. dxc5 dxc5 8.
Qxd8 Rxd8 9. e5 h6 10. exf6 exf6 11. Be3 b6 12. Be2 Nc6 13. Rd1 Be6 14. Rxd8+
Rxd8 15. O-O Ne5 16. Rd1 Rxd1+ 17. Nxd1 Nxf3+ 18. gxf3 f5 19. Bf4 Bf6 20. Bb8
Bd8 21. Bxa7 Kf8 22. Bb8 g5 23. b4 cxb4 24. Bd6+ Be7 25. Bxe7+ Kxe7 26. Nb2 Kd6
27. Kf1 h5 28. Nd3 Bxc4 29. Nxb4 Be6 30. Bd1 g4 31. fxg4 fxg4 32. Bb3 Ke5 33.
Nd3+ Ke4 34. Bxe6 fxe6 35. Nb2 b5 36. a4 bxa4 37. Nxa4 e5 38. Nc5+ Kf5 39. Ke2
Kf4 40. Nd3+ Ke4 41. Ne1 Kf4 42. Kd3 e4+ 43. Ke2 Ke5 44. Ke3 h4 45. Ng2 h3 46.
Nh4 Kd5 47. Kf4 Kd4 48. Kxg4 1-0

[Event "III Weekend"]
[Site "Cutro ITA"]
[Date "2005.06.19"]
[Round "2"]
[White "Frontera, Giuseppe"]
[Black "Amodei, Diego"]
[Result "1-0"]
[WhiteElo "1826"]
[BlackElo "1634"]
[PlyCount "51"]
[EventDate "2005.06.18"]

1. e4 c5 2. Nf3 d6 3. d4 cxd4 4. Nxd4 Nf6 5. Nc3 e6 6. Be3 Be7 7. f3 O-O 8. Qd2
a6 9. g4 Nbd7 10. h4 Ne5 11. O-O-O Qc7 12. h5 Kh8 13. g5 Ng8 14. Qg2 Bd8 15. f4
Nc4 16. Bxc4 Qxc4 17. f5 f6 18. h6 Qc7 19. g6 Nxh6 20. Bxh6 gxh6 21. Rxh6 Rg8
22. Rdh1 Rg7 23. Rxh7+ Rxh7 24. Rxh7+ Kg8 25. Rxc7 Bxc7 26. Qh3 1-0

[Event "III Weekend"]
[Site "Cutro ITA"]
[Date "2005.06.19"]
[Round "2"]
[White "Iannicella, Simone"]
[Black "Levato, Biagio"]
[Result "0-1"]
[WhiteElo "1458"]
[BlackElo "1531"]
[PlyCount "80"]
[EventDate "2005.06.18"]

1. e4 c5 2. Nf3 Nc6 3. Nc3 a6 4. d4 cxd4 5. Nxd4 e6 6. Nxc6 bxc6 7. b3 Qc7 8.
Bb2 Nf6 9. Qd3 Be7 10. O-O-O O-O 11. g3 Bb7 12. Bg2 Rfd8 13. f4 d5 14. e5 Ng4
15. Qe2 Nh6 16. h4 f5 17. Bf3 Bc5 18. g4 fxg4 19. Bxg4 Nf5 20. Na4 Ba7 21. h5
Ng3 22. Qf3 Nxh1 23. Qxh1 Be3+ 24. Kb1 Bxf4 25. Bxe6+ Kh8 26. Re1 Re8 27. Bf5
Bxe5 28. h6 Bxb2 29. Rxe8+ Rxe8 30. hxg7+ Qxg7 31. Nxb2 c5 32. Na4 c4 33. Nc5
Bc8 34. Bxc8 Rxc8 35. Ne6 Qe5 36. Qh6 Rg8 37. a4 Rg1+ 38. Qc1 Rxc1+ 39. Kxc1
Qxe6 40. b4 c3 0-1

[Event "III Weekend"]
[Site "Cutro ITA"]
[Date "2005.06.19"]
[Round "2"]
[White "Olivo, Gaetano"]
[Black "Scerbo, Antonio"]
[Result "0-1"]
[WhiteElo "1610"]
[BlackElo "2097"]
[PlyCount "86"]
[EventDate "2005.06.18"]

1. e4 c5 2. Nf3 Nc6 3. Bb5 d6 4. d4 cxd4 5. Bxc6+ bxc6 6. Nxd4 Qc7 7. O-O Nf6
8. Nc3 e5 9. Nb3 Be7 10. f3 O-O 11. Be3 Be6 12. Nd2 Rab8 13. Na4 Rfd8 14. c4 d5
15. cxd5 cxd5 16. Qe2 d4 17. Bf2 Qc2 18. b3 Bb4 19. Rfd1 Rbc8 20. Kf1 Bc3 21.
Nxc3 Rxc3 22. Rdc1 Qb2 23. Rcb1 Qa3 24. Nc4 Bxc4 25. bxc4 h6 26. Be1 d3 27. Qb2
Qxb2 28. Rxb2 Rxc4 29. Rd1 Nh5 30. Rbd2 Ra4 31. Bf2 Nf4 32. Be3 Ne6 33. g3 Nc7
34. Rb2 Ne6 35. Rdd2 Ra3 36. Rb3 Ra4 37. a3 Rc8 38. Rdxd3 Rc2 39. h4 Ra2 40.
Rb8+ Kh7 41. Rb7 R4xa3 42. Rxa3 Rxa3 43. Rxf7 Rxe3 0-1

[Event "III Weekend"]
[Site "Cutro ITA"]
[Date "2005.06.19"]
[Round "2"]
[White "Paragliola, Gennaro"]
[Black "Rizzuti, Pasquale"]
[Result "0-1"]
[WhiteElo "1541"]
[BlackElo "1871"]
[PlyCount "68"]
[EventDate "2005.06.18"]

1. d4 d5 2. c4 c6 3. cxd5 cxd5 4. Nc3 Nc6 5. Nf3 Nf6 6. Bg5 e6 7. e3 Be7 8. Bd3
Bd7 9. O-O h6 10. Bh4 a6 11. a3 b5 12. b4 Rc8 13. Rc1 Bd6 14. h3 Rc7 15. Bxb5
g5 16. Bxc6 gxh4 17. Bxd7+ Kxd7 18. Qa4+ Ke7 19. Qxa6 Ne4 20. Nxe4 dxe4 21.
Rxc7+ Bxc7 22. Ne5 Kf6 23. Rd1 Kg7 24. Qe2 h5 25. f4 f6 26. Nc6 Qa8 27. Qc2
Qxa3 28. Qxe4 Qb3 29. Qd3 Qd5 30. Qc2 Ra8 31. Rc1 Ra2 32. e4 Rxc2 33. Rxc2 Qxe4
34. Rc1 Qe3+ 0-1

[Event "III Weekend"]
[Site "Cutro ITA"]
[Date "2005.06.19"]
[Round "2"]
[White "Zavaglia, Giuseppe"]
[Black "Alo', Lucio"]
[Result "1/2-1/2"]
[WhiteElo "1730"]
[BlackElo "1601"]
[PlyCount "107"]
[EventDate "2005.06.18"]

1. e4 e5 2. Nf3 Nc6 3. Bb5 Nge7 4. O-O a6 5. Bc4 h6 6. c3 Ng6 7. d4 exd4 8.
cxd4 Be7 9. a3 d6 10. h3 O-O 11. Nc3 b5 12. Ba2 b4 13. Nd5 bxa3 14. bxa3 Be6
15. Nxe7+ Ncxe7 16. d5 Bd7 17. Qd4 Bb5 18. Re1 Kh8 19. Bb2 f6 20. Rac1 Ne5 21.
Nxe5 fxe5 22. Qc3 Rc8 23. a4 Bxa4 24. Qg3 Be8 25. Bc4 Bb5 26. f4 Rxf4 27. Bxb5
axb5 28. Rf1 Qf8 29. Qb3 Qe8 30. Rxf4 exf4 31. Qc3 Qf7 32. Rf1 Ng6 33. h4 Ne5
34. g3 f3 35. Qb3 Qg6 36. Bxe5 dxe5 37. Qxf3 b4 38. Kh2 Rb8 39. Rb1 Qa6 40. Kh3
Qa2 41. Rb3 Kg8 42. h5 Rf8 43. Qe3 Qa5 44. Qd2 Rb8 45. d6 cxd6 46. Qxd6 Rb5 47.
Rf3 Qa8 48. Qe6+ Kh8 49. Qe7 Qxe4 50. Qe8+ Kh7 51. Rf8 Qh1+ 52. Kg4 Qd1+ 53.
Kh3 Qh1+ 54. Kg4 1/2-1/2

[Event "III Weekend"]
[Site "Cutro ITA"]
[Date "2005.06.19"]
[Round "3"]
[White "Alo', Lucio"]
[Black "Frontera, Giuseppe"]
[Result "0-1"]
[WhiteElo "1601"]
[BlackElo "1826"]
[PlyCount "114"]
[EventDate "2005.06.18"]

1. Nf3 Nf6 2. d4 d5 3. Bf4 e6 4. a3 Bd6 5. Bg5 O-O 6. Nc3 a6 7. e3 b5 8. b4
Nbd7 9. Bd3 Bb7 10. O-O h6 11. Bh4 Be7 12. h3 Ne4 13. Bxe7 Qxe7 14. Ne2 Nb6 15.
Bxe4 dxe4 16. Nh2 Rad8 17. Nf4 e5 18. Ne2 Rd7 19. c3 Nc4 20. Qc2 f5 21. Rfd1
Rfd8 22. Ng3 Qe6 23. dxe5 Rd2 24. Qb3 Qxe5 25. Rxd2 Rxd2 26. Rd1 Rd3 27. Ne2
Bd5 28. Nf4 Nxe3 29. Nxd3 Bxb3 30. Nxe5 Nxd1 31. Ng6 Be6 32. g4 Nxc3 33. gxf5
Bd7 34. Ng4 Nb1 35. N4e5 Be8 36. Ne7+ Kf8 37. Nd5 c6 38. Nc7 Nxa3 39. Nxa6 Nc2
40. Kg2 Nd4 41. Kg3 Nxf5+ 42. Kf4 Nd6 43. Nc7 Ke7 44. Nxe8 Kxe8 45. Nxc6 Kd7
46. Nd4 g5+ 47. Ke5 h5 48. Nf5 Nxf5 49. Kxf5 g4 50. hxg4 hxg4 51. Kxg4 Ke6 52.
Kf4 Kd5 53. Ke3 Ke5 54. Ke2 Kd4 55. Kd2 Kc4 56. Ke3 Kxb4 57. Kxe4 Kc3 0-1

[Event "III Weekend"]
[Site "Cutro ITA"]
[Date "2005.06.19"]
[Round "3"]
[White "Amodei, Diego"]
[Black "Scalise, Sandro"]
[Result "1/2-1/2"]
[WhiteElo "1634"]
[BlackElo "1595"]
[PlyCount "42"]
[EventDate "2005.06.18"]

1. d4 Nf6 2. c4 e6 3. Nc3 Bb4 4. Nf3 b6 5. Bg5 Bb7 6. e3 d6 7. Qa4+ Nc6 8. d5
Bxc3+ 9. bxc3 exd5 10. cxd5 Qd7 11. dxc6 Bxc6 12. Qd4 Qf5 13. Bxf6 gxf6 14. Be2
Rg8 15. Bd3 Qh5 16. Qxf6 Rxg2 17. Nh4 Rg4 18. Nf5 Kd7 19. Ng3 Rxg3 20. Qf5+
Qxf5 21. Bxf5+ Ke7 1/2-1/2

[Event "III Weekend"]
[Site "Cutro ITA"]
[Date "2005.06.19"]
[Round "3"]
[White "Levato, Biagio"]
[Black "Olivo, Ilaria"]
[Result "1-0"]
[WhiteElo "1531"]
[BlackElo "1467"]
[PlyCount "49"]
[EventDate "2005.06.18"]

1. Nf3 Nf6 2. g3 b6 3. Bg2 Bb7 4. d3 e6 5. e4 Nc6 6. O-O Bc5 7. d4 Nxd4 8. Nxd4
e5 9. Nb3 Qe7 10. Re1 O-O-O 11. Nc3 h6 12. Nxc5 Qxc5 13. Be3 Qc4 14. Bf1 Qe6
15. Bg2 g5 16. Qd2 Rdg8 17. Rad1 Rg6 18. f3 Ne8 19. a4 f5 20. exf5 Qxf5 21. Nd5
Qf7 22. c4 Rd6 23. Qc3 Qe6 24. Bd4 exd4 25. Qxd4 1-0

[Event "III Weekend"]
[Site "Cutro ITA"]
[Date "2005.06.19"]
[Round "3"]
[White "Mercurio, Rosario"]
[Black "Olivo, Gaetano"]
[Result "0-1"]
[WhiteElo "1363"]
[BlackElo "1610"]
[PlyCount "50"]
[EventDate "2005.06.18"]

1. Nf3 d5 2. c4 dxc4 3. Qa4+ Nc6 4. d4 cxd3 5. exd3 Bd7 6. Be2 e6 7. Qc2 Bd6 8.
O-O h6 9. d4 Qf6 10. Rd1 Nge7 11. b3 Nd5 12. Bb2 a6 13. a4 O-O 14. Bd3 Kh8 15.
Be4 Ncb4 16. Qe2 Rac8 17. Nc3 Nxc3 18. Bxc3 Nd5 19. Rac1 b5 20. axb5 Bxb5 21.
Qe1 Nxc3 22. Qxc3 Qd8 23. Ne5 Bxe5 24. dxe5 Qh4 25. g3 Qxe4 0-1

[Event "III Weekend"]
[Site "Cutro ITA"]
[Date "2005.06.19"]
[Round "3"]
[White "Rizzuti, Pasquale"]
[Black "Olivo, Paolo"]
[Result "1-0"]
[WhiteElo "1871"]
[BlackElo "1700"]
[PlyCount "71"]
[EventDate "2005.06.18"]

1. g3 Nf6 2. c4 e6 3. Bg2 Nc6 4. Nc3 Bc5 5. Nf3 d5 6. d4 Bb4 7. Bg5 h6 8. Bxf6
Qxf6 9. O-O Bxc3 10. bxc3 dxc4 11. Qa4 O-O 12. Qxc4 Qe7 13. Rab1 Rb8 14. Rb2
Bd7 15. Rfb1 Na5 16. Qb4 Qxb4 17. Rxb4 b6 18. Ne5 Bc8 19. Ra4 f6 20. Ng6 Bd7
21. Rab4 Rfe8 22. h4 Kh7 23. h5 e5 24. dxe5 fxe5 25. Be4 Kg8 26. Rd1 c5 27.
Rxd7 cxb4 28. cxb4 Rbd8 29. Rxd8 Rxd8 30. bxa5 b5 31. Nxe5 Rd2 32. e3 Kf8 33.
Bc6 b4 34. e4 Ke7 35. Bd5 Kd6 36. Nc4+ 1-0

[Event "III Weekend"]
[Site "Cutro ITA"]
[Date "2005.06.19"]
[Round "3"]
[White "Scerbo, Antonio"]
[Black "Carabetta, Alfredo"]
[Result "1-0"]
[WhiteElo "2097"]
[BlackElo "1497"]
[PlyCount "53"]
[EventDate "2005.06.18"]

1. e4 Nf6 2. e5 Nd5 3. d4 Nc6 4. Nf3 d6 5. exd6 cxd6 6. c4 Nf6 7. Nc3 e5 8. d5
Ne7 9. Be2 Ng6 10. O-O h6 11. h3 Be7 12. Be3 Bf5 13. Qd2 Be4 14. Nxe4 Nxe4 15.
Qc2 Nf6 16. Bd3 Nf8 17. Nd2 N8h7 18. f4 exf4 19. Bxf4 O-O 20. Nf3 Qb6+ 21. Kh1
Rac8 22. Rae1 Nxd5 23. Bxh7+ Kh8 24. Qf5 Nxf4 25. Qxf4 Kxh7 26. Rxe7 Qxb2 27.
Rxf7 1-0

[Event "III Weekend"]
[Site "Cutro ITA"]
[Date "2005.06.25"]
[Round "4"]
[White "Frontera, Giuseppe"]
[Black "Scerbo, Antonio"]
[Result "0-1"]
[WhiteElo "1826"]
[BlackElo "2097"]
[PlyCount "74"]
[EventDate "2005.06.18"]

1. e4 c5 2. Nf3 Nc6 3. d4 cxd4 4. Nxd4 Nf6 5. Nc3 e5 6. Ndb5 d6 7. Bg5 a6 8.
Na3 b5 9. Nd5 Be7 10. Bxf6 Bxf6 11. c3 O-O 12. Nc2 Rb8 13. Be2 a5 14. a3 Bg5
15. Qd3 f5 16. Nde3 fxe4 17. Qd5+ Kh8 18. Qxc6 b4 19. axb4 axb4 20. cxb4 Bb7
21. Qc3 Rc8 22. Qb3 d5 23. Bg4 Rc7 24. Rd1 Qf6 25. O-O d4 26. Be2 d3 27. Bxd3
exd3 28. Qxd3 Bh4 29. f3 e4 30. fxe4 Bf2+ 31. Kh1 Qh4 32. Rxf2 Qxf2 33. Rf1
Qxf1+ 34. Nxf1 Bxe4 35. Qd1 Rxc2 36. Ne3 Rxb2 37. h3 Rb1 0-1

[Event "III Weekend"]
[Site "Cutro ITA"]
[Date "2005.06.25"]
[Round "4"]
[White "Olivo, Gaetano"]
[Black "Rizzuti, Pasquale"]
[Result "0-1"]
[WhiteElo "1610"]
[BlackElo "1871"]
[PlyCount "62"]
[EventDate "2005.06.18"]

1. e4 g6 2. f4 e5 3. g3 exf4 4. Nf3 fxg3 5. d3 gxh2 6. Rxh2 Bg7 7. c3 d6 8. Bh3
Bxh3 9. Rxh3 Nc6 10. Qb3 Na5 11. Qa4+ c6 12. Na3 b5 13. Qc2 Nf6 14. Bg5 Qd7 15.
Qg2 Nb7 16. O-O-O h5 17. Nc2 a5 18. e5 Ng4 19. exd6 O-O 20. Rdh1 Nxd6 21. Kb1
Nf5 22. d4 Rfe8 23. Re1 Rxe1+ 24. Nfxe1 Re8 25. Rf3 c5 26. Qh3 cxd4 27. cxd4
Nxd4 28. Rd3 Qf5 29. Be3 Nxc2 30. Nxc2 Nxe3 31. Qxf5 Nxf5 0-1

[Event "III Weekend"]
[Site "Cutro ITA"]
[Date "2005.06.25"]
[Round "4"]
[White "Olivo, Ilaria"]
[Black "Mercurio, Rosario"]
[Result "0-1"]
[WhiteElo "1467"]
[BlackElo "1363"]
[PlyCount "94"]
[EventDate "2005.06.18"]

1. e4 e6 2. d4 d5 3. Nc3 Nf6 4. e5 Nfd7 5. Nf3 c5 6. Be3 Qb6 7. Rb1 Nc6 8. Bb5
cxd4 9. Bxd4 Nxd4 10. Bxd7+ Bxd7 11. Nxd4 Bc5 12. Nce2 Bb5 13. c3 Bd7 14. O-O
Be7 15. Ng3 Rc8 16. Qg4 g6 17. Rfe1 O-O 18. Nh5 Qd8 19. Nf4 Bg5 20. Nh3 Bh6 21.
Nf3 Bb5 22. Nhg5 Bd7 23. Qh3 Kg7 24. Rbd1 Rc4 25. Qg3 Qe7 26. Rd4 Rfc8 27. Rf4
Rxf4 28. Qxf4 Rc4 29. Qg3 b5 30. h4 b4 31. b3 Rxc3 32. Qg4 Rc2 33. Ra1 Bb5 34.
Nd4 Rc5 35. Re1 Bd3 36. Ndxe6+ fxe6 37. Nxe6+ Kh8 38. Nxc5 Bf5 39. Qxb4 a5 40.
Qb8+ Kg7 41. Qd6 Qf8 42. e6 Qe8 43. e7 Kf7 44. Qd8 Bd2 45. Re2 Bb4 46. Qxe8+
Kxe8 47. Nd7 Bxd7 0-1

[Event "III Weekend"]
[Site "Cutro ITA"]
[Date "2005.06.25"]
[Round "4"]
[White "Paragliola, Gennaro"]
[Black "Alo', Lucio"]
[Result "0-1"]
[WhiteElo "1541"]
[BlackElo "1601"]
[PlyCount "98"]
[EventDate "2005.06.18"]

1. d4 e6 2. c4 Nf6 3. Bg5 h6 4. Bh4 Be7 5. e3 b6 6. Nc3 Bb7 7. Nf3 d6 8. Bd3 c5
9. O-O cxd4 10. exd4 O-O 11. Re1 Nh7 12. Bxe7 Qxe7 13. Ne4 Nc6 14. a3 Nf6 15.
h3 Nxe4 16. Bxe4 Qf6 17. b4 Rab8 18. d5 Nd8 19. dxe6 Bxe4 20. exf7+ Nxf7 21.
Rxe4 Rbd8 22. Qe1 Ng5 23. Nxg5 hxg5 24. Rd1 Qf7 25. Rd5 Qf6 26. Re7 Kh8 27. Re6
Qf4 28. Qe2 Kg8 29. Re7 Qc1+ 30. Kh2 Qf4+ 31. g3 Qxf2+ 32. Qxf2 Rxf2+ 33. Kg1
Rdf8 34. Rd1 Ra2 35. Rxa7 Rff2 36. Re7 Rg2+ 37. Kf1 Rh2 38. Kg1 Rhg2+ 39. Kf1
Rxg3 40. Rxd6 Rgxa3 41. Kg1 Rb2 42. Kf1 Rxb4 43. Rdd7 Rb1+ 44. Kf2 Ra2+ 45. Kf3
Ra3+ 46. Kg4 Rg1+ 47. Kf5 Rf3+ 48. Kg6 Rf6+ 49. Kh5 Rh6# 0-1

[Event "III Weekend"]
[Site "Cutro ITA"]
[Date "2005.06.25"]
[Round "4"]
[White "Scalise, Sandro"]
[Black "Carabetta, Alfredo"]
[Result "1-0"]
[WhiteElo "1595"]
[BlackElo "1497"]
[PlyCount "47"]
[EventDate "2005.06.18"]

1. d4 f5 2. Nf3 Nf6 3. Bf4 Nc6 4. c3 d6 5. e3 a6 6. Nbd2 Nh5 7. Bg3 Nxg3 8.
hxg3 e5 9. dxe5 Nxe5 10. Nc4 Nxf3+ 11. Qxf3 Be6 12. Qxb7 Qc8 13. Qc6+ Bd7 14.
Qd5 c6 15. Qd4 Qb8 16. O-O-O d5 17. e4 Be6 18. exf5 Bxf5 19. Re1+ Kd8 20. Qh4+
Kd7 21. Ne5+ Kc7 22. Qf4 Qxb2+ 23. Kxb2 Rb8+ 24. Ka1 1-0

[Event "III Weekend"]
[Site "Cutro ITA"]
[Date "2005.06.25"]
[Round "4"]
[White "Zavaglia, Giuseppe"]
[Black "Levato, Biagio"]
[Result "0-1"]
[WhiteElo "1730"]
[BlackElo "1531"]
[PlyCount "110"]
[EventDate "2005.06.18"]

1. e4 c5 2. Nf3 Nc6 3. d4 cxd4 4. Nxd4 e6 5. Nb5 d6 6. Bf4 e5 7. Be3 Nf6 8. Bg5
a6 9. Bxf6 Qa5+ 10. N1c3 gxf6 11. Nxd6+ Bxd6 12. Qxd6 Be6 13. Qd2 Rd8 14. Nd5
Qxd2+ 15. Kxd2 f5 16. Ke3 f4+ 17. Kd2 Bxd5 18. exd5 Rxd5+ 19. Ke1 Nb4 20. Rc1
O-O 21. Bc4 Rc5 22. Bb3 Nc6 23. c3 Na5 24. Ke2 Nxb3 25. axb3 Rd8 26. Rhd1 Rcd5
27. f3 f5 28. g3 Rxd1 29. Rxd1 Rxd1 30. Kxd1 fxg3 31. hxg3 h5 32. Ke2 Kg7 33.
Ke3 Kg6 34. b4 h4 35. gxh4 Kh5 36. c4 Kxh4 37. f4 e4 38. Kd4 Kh5 39. b5 axb5
40. cxb5 b6 41. Kd5 Kg4 42. Kc6 e3 43. Kxb6 e2 44. Ka7 e1=Q 45. b6 Qa5+ 46. Kb7
Kxf4 47. Kc6 Ke5 48. b7 Qd8 49. b4 f4 50. b5 f3 51. b6 f2 52. b8=Q+ Qxb8 53. b7
Qd6+ 54. Kb5 f1=Q+ 55. Ka5 Qfa6# 0-1

[Event "III Weekend"]
[Site "Cutro ITA"]
[Date "2005.06.26"]
[Round "5"]
[White "Alo', Lucio"]
[Black "Olivo, Paolo"]
[Result "1-0"]
[WhiteElo "1601"]
[BlackElo "1700"]
[PlyCount "91"]
[EventDate "2005.06.18"]

1. Nf3 Nf6 2. d4 g6 3. c4 Bg7 4. Nc3 d5 5. Bf4 c6 6. e3 Bg4 7. h3 Bf5 8. Be2
Nbd7 9. O-O O-O 10. Qd2 Re8 11. cxd5 Nxd5 12. Nxd5 cxd5 13. Qb4 b6 14. Rac1 Rc8
15. Qa3 a5 16. Bb5 Bf8 17. Qa4 f6 18. Qb3 Be4 19. Nd2 Kg7 20. Bxd7 Qxd7 21.
Qxb6 e5 22. dxe5 fxe5 23. Nxe4 exf4 24. Qf6+ Kg8 25. Rxc8 Rxc8 26. Ng5 Bg7 27.
Qxf4 Bxb2 28. h4 h6 29. Nh3 Kh7 30. Qf3 d4 31. exd4 Bxd4 32. Rd1 Rd8 33. g4 a4
34. Kg2 Qe7 35. g5 Rf8 36. Qd5 Rd8 37. Qc6 Rd6 38. Qf3 hxg5 39. Nxg5+ Kg7 40.
Qg4 Bf6 41. Rxd6 Qxd6 42. Qxa4 Qd5+ 43. Nf3 Kh6 44. Qf4+ Kg7 45. a4 Be5 46.
Qxe5+ 1-0